|
|
|
|
| LEADER |
00000nam0a2200000 4500 |
| 001 |
269625 |
| 005 |
20231101234254.0 |
| 035 |
|
|
|a (RuTPU)RU\TPU\book\292802
|
| 090 |
|
|
|a 269625
|
| 100 |
|
|
|a 20140919d1986 m y0rusy50 ca
|
| 101 |
0 |
|
|a rus
|
| 102 |
|
|
|a RU
|
| 105 |
|
|
|a a j 001zy
|
| 200 |
1 |
|
|a Цифровая обработка данных сейсморазведки
|e учебное пособие по спецкурсу
|f Б. А. Спасский
|g Пермский государственный университет (ПГУ)
|
| 210 |
|
|
|a Пермь
|c [Б. и.]
|d 1986
|
| 215 |
|
|
|a 96 с.
|c ил.
|
| 320 |
|
|
|a Библиогр.: с. 94-96
|
| 606 |
1 |
|
|a Геофизические исследования
|x Акустический метод
|2 stltpush
|3 (RuTPU)RU\TPU\subj\6267
|9 34195
|
| 610 |
1 |
|
|a сейсмические данные
|
| 610 |
1 |
|
|a обработка
|
| 610 |
1 |
|
|a вычислительная техника
|
| 610 |
1 |
|
|a аппаратные средства
|
| 610 |
1 |
|
|a математические основы
|
| 610 |
1 |
|
|a сейсмограммы
|
| 610 |
1 |
|
|a цифровая фильтрация
|
| 610 |
1 |
|
|a учебные пособия
|
| 675 |
|
|
|a 550.834(075.8)
|v 4
|
| 700 |
|
1 |
|a Спасский
|b Б. А.
|
| 712 |
0 |
2 |
|a Пермский государственный университет (ПГУ)
|2 stltpush
|3 (RuTPU)RU\TPU\col\189
|
| 801 |
|
1 |
|a RU
|b 63413507
|c 20140919
|
| 801 |
|
2 |
|a RU
|b 63413507
|c 20170301
|g RCR
|
| 942 |
|
|
|c BK
|